| 000 | 00683nam a2200205 i 4500 | ||
|---|---|---|---|
| 001 | 101624 | ||
| 003 | ES-MaACL | ||
| 005 | 20250811145627.0 | ||
| 007 | t| | ||
| 008 | 051021s1970 sp ||||1| spa d | ||
| 020 | _a821.134.2-14"19" | ||
| 100 | 1 |
_aMedina, Vicente, _d1866-1937 _979718 |
|
| 245 | 1 | 0 |
_aAires murcianos / _cVicente Medina ; prólogo de José Ballester ; dibujos de Muñoz Barberán. |
| 260 |
_aMurcia : _bAthenas, _c1970. |
||
| 300 |
_a83 p. : _bil. ; _c20 cm. |
||
| 700 | 1 |
_aMuñoz Barberán, Manuel, _d1921-2007 _984358 |
|
| 700 | 1 |
_aBallester Nicolás, José, _d1892-1978 _925019 |
|
| 852 |
_aES-MaACL _jC-49061 _bR.74999 |
||
| 999 |
_c101624 _d101624 |
||